नागभूमी (Record no. 404418)
[ view plain ]
| 000 -LEADER | |
|---|---|
| fixed length control field | 00429nam a2200145Ia 4500 |
| 008 - FIXED-LENGTH DATA ELEMENTS--GENERAL INFORMATION | |
| fixed length control field | 100122s9999 xx 000 0 und d |
| 082 ## - DEWEY DECIMAL CLASSIFICATION NUMBER | |
| Item number | 13615 |
| Classification number | 915.4165 |
| 100 ## - MAIN ENTRY--PERSONAL NAME | |
| Personal name | देवगिरीकर त्र्यं र |
| 245 ## - TITLE STATEMENT | |
| Title | नागभूमी |
| 260 ## - PUBLICATION, DISTRIBUTION, ETC. (IMPRINT) | |
| Name of publisher, distributor, etc | चित्रशाळा प्रेस |
| Date of publication, distribution, etc | 1966 |
| 300 ## - PHYSICAL DESCRIPTION | |
| Extent | 54 |
| 630 ## - SUBJECT ADDED ENTRY--UNIFORM TITLE | |
| Uniform title | नागभूमी |
| 730 ## - ADDED ENTRY--UNIFORM TITLE | |
| Uniform title | नागभूमी |
| 942 ## - ADDED ENTRY ELEMENTS (KOHA) | |
| Koha item type | Book |
No items available.